MARC

LEADER 00000nam0a2200000 4500
001 357214
005 20231102010953.0
035 |a (RuTPU)RU\TPU\retro\14474 
090 |a 357214 
100 |a 20200803d1977 k y0rusy50 ca 
101 0 |a rus 
102 |a RU 
105 |a a z 001zy 
200 1 |a Металлические конструкции  |e тематический сборник научных трудов  |f Челябинский политехнический институт ; под ред. А. А. Абаринова 
210 |a Челябинск  |c Изд-во ЧелПИ  |d 1977 
215 |a 145 с.  |c ил. 
225 1 |a Тематический сборник научных трудов [Челябинского политехнического института]  |v № 198 
320 |a Библиогр. в конце ст. 
606 1 |a Металлические конструкции  |x Строительная механика  |2 stltpush  |3 (RuTPU)RU\TPU\subj\42312  |9 61991 
610 1 |a оптимизация 
610 1 |a усталость 
610 1 |a устойчивость 
610 1 |a температурные напряжения 
610 1 |a правка 
610 1 |a резка 
610 1 |a гибка 
610 1 |a детали 
610 1 |a стальные конструкции 
610 1 |a технико-экономические показатели 
610 1 |a ремонт 
675 |a 624.014  |v 4 
702 1 |a Абаринов  |b А. А.  |4 340 
712 0 2 |a Челябинский политехнический институт  |c (1951-1990)  |2 stltpush  |3 (RuTPU)RU\TPU\col\7924  |9 24427 
801 1 |a RU  |b 63413507  |c 20200803 
801 2 |a RU  |b 63413507  |c 20230623  |g RCR 
942 |c BK